Statistiques concernant Vocabulaire espagnol verbes

Cliquez ici pour prendre le quiz!

Statistiques générales

  • Ce quiz a été pris 572 fois
  • Le résultat moyen est 53 sur 100

Statistiques - réponses

Mots FRMots ES% Correct
EtreSer
96%
EtreEstar
95%
VoirVer
94%
FaireHacer
93%
PouvoirPoder
93%
SavoirSaber
92%
AvoirTener
91%
AllerIr
90%
DireDecir
88%
ParlerHablar
88%
CroireCreer
86%
VouloirQuerer
86%
EcouterEscuchar
84%
BoireBeber
83%
TravaillerTrabajar
83%
VivreVivir
83%
MangerComer
82%
DonnerDar
81%
LireLeer
81%
PenserPensar
81%
EtudierEstudiar
80%
JouerJugar
80%
DevoirDeber
77%
EcrireEscribir
77%
SentirSentir
77%
DormirDormir
76%
AvoirHaber
75%
ChanterCantar
73%
ComprendreComprender
72%
MettrePoner
72%
ConnaîtreConocer
70%
PayerPagar
69%
VisiterVisitar
69%
DanserBailar
68%
SortirSalir
68%
EntrerEntrar
67%
GagnerGanar
67%
AppelerLlamar
66%
RegarderMirar
66%
ChercherBuscar
64%
AcheterComprar
64%
ConduireConducir
63%
AimerGustar
61%
PrendreTomar
61%
VendreVender
61%
DécouvrirDescubrir
60%
CommencerEmpezar
58%
PasserPasar
58%
RespirerRespirar
56%
RêverSonar
56%
PerdrePerder
55%
DemanderPreguntar
55%
ArriverLlegar
53%
EntendreOir
53%
MarcherCaminar
51%
ResterQuedar
50%
AttendreEsperar
48%
PorterLlevar
48%
MontrerMostrar
48%
TomberCaer
47%
SuivreSeguir
47%
NettoyerLimpiar
46%
TrouverEncontrar
45%
RecevoirRecibir
43%
FinirTerminar
42%
RentrerVolver
42%
CommencerComenzar
38%
LaisserDejar
38%
EnvoyerMandar/Enviar
38%
MarcherAndar
36%
EmbrasserBesar
36%
CrierGritar
35%
LeverLevantar
35%
MonterSubir
30%
DescendreBajar
27%
PleuvoirLlover
24%
ManquerFaltar
23%
DevoirTener que
21%
LouerAlquilar
20%
PrendreCoger
18%
RépondreContestar
17%
RemplirLlenar
17%
GoûterProbar
16%
FreinerFrenar
15%
CoucherAcostar
14%
SentirOler
14%
FrapperGolpear
13%
PrierRezar
13%
ViderVaciar
12%
DevenirVolverse
11%
AtterrirAterrizar
10%
PousserEmpujar
10%
FrotterFrotar
8%
ArroserRegar
8%
TéléphonerLlamar por telefono
5%
PoserColocar
4%
DémarrerArrancar
3%
RendreDevolverle
2%

Distribution des résultats

Percentile par nombre de réponses

% des personnes avec chaque résultat

Votre développement - résultats

Vous n’avez pas pris ce quiz